Your Word Is Arrive - Statistics

General Stats
  • This quiz has been taken 25 times
  • The average score is 7 of 7
Answer Stats
Hint Letter % Correct
The first letter of the largest country in Oceania A
100%
The first letter of the most populous country in the world I
100%
The sixth letter of the country being invaded by Russia N
100%
The second letter of the country who gifted us the Statue of Liberty R
100%
The second letter of the country geographically between Norway and Finland W
100%
The first letter of a communist country whose leader’s initials are KJU N
95%
The third letter of the most consistently ranked most dangerous country in the world G
90%
No matching quizzes found
Score Distribution
Percent of People with Each Score
Percentile by Number Answered
Your Score History
You have not taken this quiz